| 000 | 00721nam a2200229Ia 4500 | ||
|---|---|---|---|
| 001 | 9853 | ||
| 003 | GE_BSU | ||
| 008 | 181216s||||||||xx |||||||||||||| ||und|| | ||
| 040 | _cGE_BSU | ||
| 100 | _aნაროუშვილი,ფრიდონ | ||
| 245 | _aერიყლაპია | ||
| 245 | _bპოემა,ლექსი | ||
| 245 | _cშემდგ.რედ:მ.ვარშანიძე,მხატვ.რედ:რ,ლომაძე | ||
| 260 | _aბათუმი. | ||
| 260 | _bაჭარა | ||
| 260 | _c1991 | ||
| 300 | _a47გვ;19სმ. | ||
| 300 | _b1ფ.პორტრ. | ||
| 653 | _aერიყლაპია | ||
| 653 | _aპოემა,ლექსი | ||
| 942 | _cBK | ||
| 999 |
_c43132 _d43132 |
||